• 首页
  • 本馆介绍
  • 公告通知
  • 最新文献
  • 馆藏检索
  • 电子资源
  • 读者导购
  • 参考咨询
  • 我的图书馆
  • 登录
  • 详细信息显示
  • 放入我的书架
  • 预约/预借图书
  • 作者相关作品
  • 分类相关作品
  • 丛书相关作品
  • 出版社相关作品

书目信息

  • 表格格式
  • 工作单格式
  • 卡片格式
题名:
医疗体育常识
    
 
作者: 卓大宏 编著
分册:  
出版信息: 北京   人民体育出版社  1976
页数: 289页
开本: 19cm
丛书名:
单 册:
中图分类: R455
科图分类:
主题词: 体育疗法
电子资源:
ISBN:
000 00597nam0 2200217 45
001 0176000872
005 20060925171930.38
010    @dCNY0.55
100    @a19951214d1976 em y0chiy0121 ea
101 0  @achi
102    @aCN@b110000
105    @ay z 000yy
200 10 @a医疗体育常识@Ayi liao ti yu chang shi@e慢性病体育疗法@f卓大宏编著
210    @a北京@c人民体育出版社@d1976
215    @a289页@d19cm
606    @a体育疗法
690    @aR455@v3
701  0 @a卓大宏@Azhuo da hong@4编著
801  2 @aCN@bNLC@c20060925
801  0 @aCN@b广东省中山图书馆@c20040524
905    @f2@b13695-696@dR455@e3
    
    医疗体育常识:慢性病体育疗法/卓大宏编著.-北京:人民体育出版社,1976
    289页;19cm
    
    
    ISBN :CNY0.55
    
●
相关链接 在E读中查询图书 在五车中查询图书 在当当中查询图书 在豆瓣中查询图书


正题名:医疗体育常识     索取号:R455/3         预约/预借

序号 登录号 条形码 馆藏地/架位号 状态 备注
1 0013695   000713963   第三借阅区/ [索取号:R455/3] 在馆    
2 0013696   000713990   第二样本阅览室/ [索取号:R455/3] 在馆    
3 0422944   204229441   密集书库/ [索取号:R455/3] 在馆    
唐山师范学院图书馆 欢迎您!
大连网信软件有限公司© 版权所有